书目信息 |
| 题名: |
堕民消融研究
|
|
| 作者: | 谢一彪, 著 | |
| 分册: | ||
| 出版信息: | 杭州 浙江大学出版社 2022.04 |
|
| 页数: | 230页 | |
| 开本: | 24cm | |
| 丛书名: | 越文化研究丛书 | |
| 单 册: | ||
| 中图分类: | D691.71 , D693.71 | |
| 科图分类: | ||
| 主题词: | 阶层--jie ceng--研究--华东地区--清代 , 阶层--jie ceng--研究--华东地区--民国 | |
| 电子资源: | ||
| ISBN: | 978-7-308-22390-4 | |
| 000 | 01316nam 2200337 450 | |
| 001 | CAL 0120227405649 | |
| 005 | 20230217093113.0 | |
| 010 | @a978-7-308-22390-4@dCNY78.00 | |
| 100 | @a20220524d2022 em y0chiy0120 ea | |
| 101 | 0 | @achi |
| 102 | @aCN@b330000 | |
| 105 | @aa a 000yy | |
| 106 | @ar | |
| 200 | 1 | @a堕民消融研究@Aduo min xiao rong yan jiu@f谢一彪著 |
| 210 | @a杭州@c浙江大学出版社@d2022.04 | |
| 215 | @a230页@c图@d24cm | |
| 225 | 2 | @a越文化研究丛书@Ayue wen hua yan jiu cong shu |
| 300 | @a绍兴文理学院越文化传承与创新研究中心课题 | |
| 306 | @a绍兴文理学院越文化传承与创新研究中心资助出版 | |
| 314 | @a谢一彪, 江西南康人, 1964年生, 历史学博士, 教授, 主要从事中国近现代史研究。 | |
| 320 | @a有书目 (第221-229页) | |
| 330 | @a本书共分九章, 主要内容包括: 堕民被无端欺辱、清初堕民除籍的失败、清末收教堕民运动、民国堕民解放运动、民国堕民捐资办学的热潮、堕民争取自身解放的斗争、堕民反清抗日斗争、堕民翻身得解放、堕民群体的彻底消融。 | |
| 410 | 0 | @12001 @a越文化研究丛书 |
| 606 | 0 | @a阶层@Ajie ceng@x研究@y华东地区@z清代 |
| 606 | 0 | @a阶层@Ajie ceng@x研究@y华东地区@z民国 |
| 690 | @aD691.71@v5 | |
| 690 | @aD693.71@v5 | |
| 701 | 0 | @a谢一彪,@Axie yi biao@f1964-@4著 |
| 801 | 0 | @aCN@bBJXHZP@c20230228 |
| 905 | @b1397185-8@dD691.71@e326@f4 | |
| 998 | @cbm001c-2022.06.06 16:42:27 | |
| 堕民消融研究/谢一彪著.-杭州:浙江大学出版社,2022.04 |
| 230页:图;24cm.-(越文化研究丛书) |
| 绍兴文理学院越文化传承与创新研究中心课题 |
| ISBN 978-7-308-22390-4:CNY78.00 |
| 本书共分九章, 主要内容包括: 堕民被无端欺辱、清初堕民除籍的失败、清末收教堕民运动、民国堕民解放运动、民国堕民捐资办学的热潮、堕民争取自身解放的斗争、堕民反清抗日斗争、堕民翻身得解放、堕民群体的彻底消融。 |
| ● |
| 相关链接 |
|
|
|
|
正题名:堕民消融研究
索取号:D691.71/326
 
预约/预借
| 序号 | 登录号 | 条形码 | 馆藏地/架位号 | 状态 | 备注 |
| 1 | 1397185 | 213971852 | 第一样本阅览室/ [索取号:D691.71/326] | 在馆 | |
| 2 | 1397186 | 213971861 | 第一借阅区/ [索取号:D691.71/326] | 在馆 | |
| 3 | 1397187 | 213971870 | 第一借阅区/ [索取号:D691.71/326] | 在馆 | |
| 4 | 1397188 | 213971889 | 第一借阅区/ [索取号:D691.71/326] | 在馆 |